011220000a22004330004500003001100000008004100011040003900052041000800091082001300099100001600112245009500128260000900223300000900232650003700241650002000278650001300298650001800311650002600329650001200355650001600367650006000383650001600443650001300459650001100472650001600483650001100499650001300510650003900523650000900562650001600571650002000587650001100607650001200618650001700630650001100647650001000658650001000668650001000678LK-CoMWRAF230817t ||||| |||| 00| 0 eng d aLK-CoMWRAFdLK-CoMWRAFeLK-CoMWRAF aeng a261bVOS aVos, F.H.De aThe Law of Intestate Succession & MarriagebRelating to the Moors or Mohammedans of Ceylon bac ap.71 aAdministration Right of Widow to aAge of Majority aChildren aCoast Moormen aCommunity of Property aDivorce aGurdianship aIndia - Mohammedan Law of not necessarily Law in Ceylon aInheritance aKaikooly aMagger aMaintenance aMalays aMarriage aMoors of CeylonOrdinance 8 of 1886 aPoor aResiduaries aRoman Dutch Law aShafei aSharers aSpecial Laws aTollok aWills aWives aWoman